[Event "La Pobla de Lillet op A"]
[Site "La Pobla de Lillet ESP"]
[Date "2014.08.07"]
[Round "6.1"]
[White "Capellades Subirana, M."]
[Black "Mellado Triviño, J."]
[Result "0-1"]
[WhiteElo "2188"]
[BlackElo "2443"]
[PlyCount "96"]
[EventDate "2014.08.02"]
[EventType "swiss"]
[EventRounds "9"]
[EventCountry "ESP"]
[SourceTitle "Ajedrez en Madrid"]
[Source "lmi"]
[SourceDate "2020.06.24"]
[SourceVersion "1"]
[SourceVersionDate "2020.06.24"]
[SourceQuality "1"]

1. b3 e5 2. Bb2 Nc6 3. c4 g6 4. f4 Bg7 5. e3 Nge7 6. Nf3 d6 7. Nc3 exf4 8. exf4
O-O 9. Be2 d5 10. Na4 dxc4 11. Bxg7 Kxg7 12. bxc4 Nd4 13. O-O Nec6 14. Nc3 Bf5
15. Nd5 Bc2 16. Qe1 Re8 17. Ne5 f6 18. Nxc6 bxc6 19. Ne3 Nxe2+ 20. Qxe2 Bd3 21.
Qf2 Bxf1 22. Rxf1 Qd3 23. f5 g5 24. h4 h6 25. Qf3 Qxd2 26. Ng4 Rad8 27. Qxc6
Qd6 28. Qf3 h5 29. Nf2 g4 30. Nxg4 hxg4 31. Qxg4+ Kf8 32. Qh5 Qg3 33. Qh8+ Kf7
34. Qh7+ Qg7 35. Qh5+ Kf8 36. Rf4 Re7 37. Qf3 Qh6 38. g3 Red7 39. Qa3+ Kg8 40.
Kh2 Rd1 41. Qf3 Kh8 42. Kh3 R1d3 43. Qe4 R3d4 44. Qe7 Qg7 45. Qe2 Rxf4 46. gxf4
Qd7 47. Qh5+ Qh7 48. Qg4 Rg8 0-1

[Event "La Pobla de Lillet op A"]
[Site "La Pobla de Lillet ESP"]
[Date "2014.08.07"]
[Round "6.2"]
[White "Gomez Jurado, LA."]
[Black "Movsziszian, K."]
[Result "0-1"]
[WhiteElo "2302"]
[BlackElo "2509"]
[PlyCount "61"]
[EventDate "2014.08.02"]
[EventType "swiss"]
[EventRounds "9"]
[EventCountry "ESP"]
[SourceTitle "Ajedrez en Madrid"]
[Source "lmi"]
[SourceDate "2020.06.24"]
[SourceVersion "1"]
[SourceVersionDate "2020.06.24"]
[SourceQuality "1"]

1. c4 d6 2. g3 e5 3. Nc3 f5 4. Nf3 Nf6 5. d4 e4 6. Nh4 Be7 7. Bg5 O-O 8. e3 c6
9. Ng2 Na6 10. Nf4 Nc7 11. h4 Ng4 12. Be2 Bxg5 13. hxg5 Qxg5 14. Bxg4 fxg4 15.
Nxe4 Qe7 16. Nc3 g5 17. Nd3 Bf5 18. Qd2 Rae8 19. Rh2 b5 20. Nb4 Qd7 21. d5 c5
22. Nc6 bxc4 23. O-O-O Bg6 24. e4 a6 25. Qxg5 Nb5 26. Rdh1 Qg7 27. e5 Nxc3 28.
bxc3 Rf3 29. Kb2 dxe5 30. Qxg4 e4 31. Rc1 0-1

[Event "La Pobla de Lillet op A"]
[Site "La Pobla de Lillet ESP"]
[Date "2014.08.07"]
[Round "6.3"]
[White "Gabarro Sole, R."]
[Black "Renteria Becerra, J."]
[Result "0-1"]
[WhiteElo "2071"]
[BlackElo "2306"]
[PlyCount "58"]
[EventDate "2014.08.02"]
[EventType "swiss"]
[EventRounds "9"]
[EventCountry "ESP"]
[SourceTitle "Ajedrez en Madrid"]
[Source "lmi"]
[SourceDate "2020.06.24"]
[SourceVersion "1"]
[SourceVersionDate "2020.06.24"]
[SourceQuality "1"]

1. Nf3 c5 2. c4 Nf6 3. g3 b6 4. Bg2 Bb7 5. O-O g6 6. Nc3 Bg7 7. Re1 Ne4 8. Nxe4
Bxe4 9. d3 Bb7 10. Rb1 O-O 11. Bg5 d6 12. Qd2 Nd7 13. Bh6 Rb8 14. Bxg7 Kxg7 15.
b4 d5 16. cxd5 Bxd5 17. e4 Ba8 18. d4 cxd4 19. e5 Bxf3 20. Bxf3 f6 21. e6 Ne5
22. Bg2 Qd6 23. Re4 Rfd8 24. Rd1 d3 25. Rh4 h5 26. h3 Rbc8 27. Rc1 Rxc1+ 28.
Qxc1 d2 29. Qd1 Rc8 0-1

[Event "La Pobla de Lillet op A"]
[Site "La Pobla de Lillet ESP"]
[Date "2014.08.07"]
[Round "6.4"]
[White "Mestre Bellido, H."]
[Black "Cervello Tost, F."]
[Result "1-0"]
[WhiteElo "2299"]
[BlackElo "2141"]
[PlyCount "75"]
[EventDate "2014.08.02"]
[EventType "swiss"]
[EventRounds "9"]
[EventCountry "ESP"]
[SourceTitle "Ajedrez en Madrid"]
[Source "lmi"]
[SourceDate "2020.06.24"]
[SourceVersion "1"]
[SourceVersionDate "2020.06.24"]
[SourceQuality "1"]

1. e4 c6 2. d4 d5 3. Nc3 dxe4 4. Nxe4 Bf5 5. Ng3 Bg6 6. Nf3 Nd7 7. h4 h6 8. h5
Bh7 9. Bd3 Bxd3 10. Qxd3 e6 11. Bd2 Ngf6 12. O-O-O Be7 13. Ne4 Nxe4 14. Qxe4
Nf6 15. Qd3 Qd5 16. c4 Qe4 17. Qb3 Rb8 18. Rde1 Qf5 19. Ne5 Bd6 20. f3 Nd7 21.
g4 Qf6 22. f4 Bxe5 23. fxe5 Qe7 24. Rhg1 b5 25. c5 Nf8 26. Qf3 Qd7 27. g5 Qd5
28. Qa3 Qxd4 29. gxh6 gxh6 30. Qxa7 Nd7 31. Be3 Qa4 32. Qxa4 bxa4 33. Rd1 Ke7
34. Rd6 Nxe5 35. Bd4 Nf3 36. Bxh8 Nxg1 37. Bg7 Rb5 38. Rxc6 1-0

[Event "La Pobla de Lillet op A"]
[Site "La Pobla de Lillet ESP"]
[Date "2014.08.07"]
[Round "6.5"]
[White "Breuker, DM."]
[Black "Boix Moreno, D."]
[Result "0-1"]
[WhiteElo "2061"]
[BlackElo "2267"]
[PlyCount "64"]
[EventDate "2014.08.02"]
[EventType "swiss"]
[EventRounds "9"]
[EventCountry "ESP"]
[SourceTitle "Ajedrez en Madrid"]
[Source "lmi"]
[SourceDate "2020.06.24"]
[SourceVersion "1"]
[SourceVersionDate "2020.06.24"]
[SourceQuality "1"]

1. e4 c5 2. Nf3 d6 3. d4 cxd4 4. Nxd4 Nf6 5. Nc3 a6 6. Bg5 e6 7. f4 Qb6 8. Qd2
Nc6 9. Bxf6 gxf6 10. Nxc6 bxc6 11. O-O-O Rb8 12. b3 Qb4 13. Bd3 Bh6 14. Kb2 O-O
15. Qf2 f5 16. a3 Qa5 17. Be2 Bg7 18. Qg3 d5 19. exf5 exf5 20. Rd3 Re8 21. Bh5
Be6 22. Ka2 Qc5 23. Bd1 Bd7 24. Rf1 Re6 25. Qf2 Qd6 26. Na4 Bf8 27. b4 a5 28.
c3 axb4 29. axb4 c5 30. Nxc5 Qxc5 31. Qxc5 Bxc5 32. Rxd5 Bb5 0-1

[Event "La Pobla de Lillet op A"]
[Site "La Pobla de Lillet ESP"]
[Date "2014.08.07"]
[Round "6.6"]
[White "Herreros Fernandez, M."]
[Black "Sanpera Bonet, JC."]
[Result "1/2-1/2"]
[WhiteElo "2242"]
[BlackElo "2089"]
[PlyCount "60"]
[EventDate "2014.08.02"]
[EventType "swiss"]
[EventRounds "9"]
[EventCountry "ESP"]
[SourceTitle "Ajedrez en Madrid"]
[Source "lmi"]
[SourceDate "2020.06.24"]
[SourceVersion "1"]
[SourceVersionDate "2020.06.24"]
[SourceQuality "1"]

1. c4 d6 2. g3 e5 3. Bg2 Nc6 4. b3 Be6 5. Bb2 Nf6 6. Nf3 Qc8 7. d4 Bh3 8. Bxh3
Qxh3 9. d5 Ne7 10. Nbd2 e4 11. Bxf6 exf3 12. Bb2 fxe2 13. Qxe2 O-O-O 14. O-O-O
Ng6 15. f4 Qh6 16. h4 Rg8 17. h5 Nh8 18. Nf3 g6 19. Bf6 gxh5 20. Bxd8 Kxd8 21.
Rde1 Bg7 22. Qe7+ Kc8 23. Qg5 Bb2+ 24. Kxb2 Rxg5 25. Nxg5 Qg7+ 26. Ka3 h6 27.
Rxh5 Qc3 28. Re2 hxg5 29. Re8+ Kd7 30. Rexh8 Qa5+ 1/2-1/2

[Event "La Pobla de Lillet op A"]
[Site "La Pobla de Lillet ESP"]
[Date "2014.08.07"]
[Round "6.7"]
[White "Garcia Castellote, O."]
[Black "Ayza Ballester, J."]
[Result "0-1"]
[WhiteElo "2058"]
[BlackElo "2212"]
[PlyCount "92"]
[EventDate "2014.08.02"]
[EventType "swiss"]
[EventRounds "9"]
[EventCountry "ESP"]
[SourceTitle "Ajedrez en Madrid"]
[Source "lmi"]
[SourceDate "2020.06.24"]
[SourceVersion "1"]
[SourceVersionDate "2020.06.24"]
[SourceQuality "1"]

1. e4 c5 2. d3 Nc6 3. g3 d6 4. Bg2 g6 5. f4 Bg7 6. Nf3 e6 7. O-O Nge7 8. c3 O-O
9. Be3 Rb8 10. d4 f5 11. e5 dxe5 12. dxe5 b6 13. Na3 Ba6 14. Qxd8 Rfxd8 15.
Rfd1 h6 16. Bf1 Bxf1 17. Kxf1 Rxd1+ 18. Rxd1 Rd8 19. Rxd8+ Nxd8 20. c4 Nec6 21.
Nb5 Bf8 22. Ke2 Be7 23. h4 Kg7 24. b3 Kf7 25. Kd2 Ke8 26. Ke2 Kd7 27. Kd2 Nf7
28. Bf2 g5 29. hxg5 hxg5 30. Ke2 a6 31. Nc3 gxf4 32. gxf4 Nh6 33. Kd3 Nf7 34.
Na4 Kc7 35. Nc3 Nh8 36. a3 Ng6 37. Bg3 Na5 38. Nd2 Bf8 39. Ke3 Bh6 40. Kf3 Nc6
41. Ne2 Ngxe5+ 42. Ke3 Ng6 43. Kf2 e5 44. Ke3 Nd4 45. Nxd4 cxd4+ 46. Kf3 Bxf4
0-1

[Event "La Pobla de Lillet op A"]
[Site "La Pobla de Lillet ESP"]
[Date "2014.08.07"]
[Round "6.8"]
[White "Prats Rodriguez, JB."]
[Black "Sayrol Clols, JM."]
[Result "1-0"]
[WhiteElo "2050"]
[BlackElo "2134"]
[PlyCount "85"]
[EventDate "2014.08.02"]
[EventType "swiss"]
[EventRounds "9"]
[EventCountry "ESP"]
[SourceTitle "Ajedrez en Madrid"]
[Source "lmi"]
[SourceDate "2020.06.24"]
[SourceVersion "1"]
[SourceVersionDate "2020.06.24"]
[SourceQuality "1"]

1. e4 e5 2. Nf3 Nc6 3. d4 exd4 4. Nxd4 d5 5. Bb5 Bd7 6. exd5 Nxd4 7. Bxd7+ Qxd7
8. Qxd4 O-O-O 9. Qxa7 Qxd5 10. O-O Bc5 11. Qa8+ Kd7 12. Qa4+ Kc8 13. Nc3 Qc6
14. Qa8+ Kd7 15. Rd1+ Bd6 16. Qa5 Ne7 17. Bf4 b6 18. Qa6 Nf5 19. Qd3 g6 20. Nb5
h5 21. Rd2 Rhe8 22. Bxd6 cxd6 23. Rad1 Re6 24. Nd4 Nxd4 25. Qxd4 Rde8 26. h3
Re1+ 27. Rxe1 Rxe1+ 28. Kh2 Re6 29. c4 Ke7 30. Rd3 Qc7 31. Qf4 Kf8 32. b4 Kg7
33. Rd5 Qc6 34. Qd4+ Kh7 35. Rb5 Qc7 36. f4 Qa7 37. Rxb6 Qxa2 38. Rb8 f6 39.
Rb7+ Kh6 40. Ra7 Qb3 41. h4 Qxb4 42. Qd5 Qe1 43. Qg5+ 1-0

[Event "La Pobla de Lillet op A"]
[Site "La Pobla de Lillet ESP"]
[Date "2014.08.07"]
[Round "6.9"]
[White "Moya Arau, C."]
[Black "Macaya Ruiz, A."]
[Result "1/2-1/2"]
[WhiteElo "2034"]
[BlackElo "2117"]
[PlyCount "55"]
[EventDate "2014.08.02"]
[EventType "swiss"]
[EventRounds "9"]
[EventCountry "ESP"]
[SourceTitle "Ajedrez en Madrid"]
[Source "lmi"]
[SourceDate "2020.06.24"]
[SourceVersion "1"]
[SourceVersionDate "2020.06.24"]
[SourceQuality "1"]

1. e4 c5 2. Nc3 Nc6 3. f4 e6 4. Nf3 a6 5. d3 d5 6. g3 Nf6 7. e5 Nd7 8. Bg2 b5
9. O-O Be7 10. h3 O-O 11. g4 Bb7 12. Qe1 b4 13. Ne2 Qb6 14. Be3 f5 15. Qg3 Nd8
16. Kh2 Rf7 17. Rg1 Nf8 18. Bh1 g6 19. h4 a5 20. h5 Rc8 21. Nh4 Bxh4 22. Qxh4
Qc7 23. Rg3 Qe7 24. Qh3 Rc7 25. Ng1 Rg7 26. Nf3 gxh5 27. gxh5 Rxg3 28. Qxg3+
1/2-1/2

[Event "La Pobla de Lillet op A"]
[Site "La Pobla de Lillet ESP"]
[Date "2014.08.07"]
[Round "6.10"]
[White "Tejero Royo, F."]
[Black "Povill Claros, X."]
[Result "1/2-1/2"]
[WhiteElo "2052"]
[BlackElo "1971"]
[PlyCount "77"]
[EventDate "2014.08.02"]
[EventType "swiss"]
[EventRounds "9"]
[EventCountry "ESP"]
[SourceTitle "Ajedrez en Madrid"]
[Source "lmi"]
[SourceDate "2020.06.24"]
[SourceVersion "1"]
[SourceVersionDate "2020.06.24"]
[SourceQuality "1"]

1. Nf3 e6 2. g3 b5 3. Bg2 d5 4. c4 bxc4 5. b3 cxb3 6. Qxb3 c6 7. d3 Qb6 8. Qc2
Nd7 9. O-O Ngf6 10. Nc3 Bd6 11. Na4 Qc7 12. Be3 Bb7 13. Rfc1 O-O 14. Nd4 Rfc8
15. Nb3 Ba6 16. Qc3 Be5 17. Bd4 Bxd4 18. Qxd4 Bb5 19. Nac5 Nxc5 20. Nxc5 Nd7
21. a4 Nxc5 22. Rxc5 Ba6 23. Rac1 Qd7 24. Qc3 Bb7 25. d4 Ba6 26. e3 Bb7 27. Bf1
a6 28. a5 Rab8 29. f4 f5 30. Be2 Kf7 31. Kf2 h5 32. Rc2 Kg8 33. h4 Kh7 34. Rb2
Ba8 35. Bxa6 Rd8 36. Qa3 Bb7 37. Be2 Ba8 38. Rcc2 Kg8 39. Qc5 1/2-1/2

[Event "La Pobla de Lillet op A"]
[Site "La Pobla de Lillet ESP"]
[Date "2014.08.08"]
[Round "7.2"]
[White "Movsziszian, K."]
[Black "Renteria Becerra, J."]
[Result "1/2-1/2"]
[WhiteElo "2509"]
[BlackElo "2306"]
[PlyCount "35"]
[EventDate "2014.08.02"]
[EventType "swiss"]
[EventRounds "9"]
[EventCountry "ESP"]
[SourceTitle "Ajedrez en Madrid"]
[Source "lmi"]
[SourceDate "2020.06.24"]
[SourceVersion "1"]
[SourceVersionDate "2020.06.24"]
[SourceQuality "1"]

1. g3 d5 2. Bg2 c6 3. d3 Bf5 4. Nd2 e6 5. e4 Bg6 6. Ngf3 h6 7. O-O Nf6 8. Qe2
Be7 9. b3 O-O 10. Bb2 a5 11. a3 Re8 12. Ne5 Bh7 13. Kh1 dxe4 14. dxe4 Nbd7 15.
Nd3 Nc5 16. f4 Nxd3 17. cxd3 Bc5 18. Nf3 1/2-1/2

[Event "La Pobla de Lillet op A"]
[Site "La Pobla de Lillet ESP"]
[Date "2014.08.08"]
[Round "7.3"]
[White "Ayza Ballester, J."]
[Black "Gomez Jurado, LA."]
[Result "0-1"]
[WhiteElo "2212"]
[BlackElo "2302"]
[PlyCount "42"]
[EventDate "2014.08.02"]
[EventType "swiss"]
[EventRounds "9"]
[EventCountry "ESP"]
[SourceTitle "Ajedrez en Madrid"]
[Source "lmi"]
[SourceDate "2020.06.24"]
[SourceVersion "1"]
[SourceVersionDate "2020.06.24"]
[SourceQuality "1"]

1. e4 c6 2. d3 d5 3. Nd2 e5 4. Ngf3 Bd6 5. c3 Ne7 6. Be2 O-O 7. O-O Ng6 8. g3
f5 9. a4 Kh8 10. Qb3 Bd7 11. Re1 Na6 12. Qc2 fxe4 13. dxe4 Nc5 14. b4 Ne6 15.
Nb3 Bc7 16. Be3 Bb6 17. a5 Bxe3 18. fxe3 Ng5 19. Nxg5 Qxg5 20. Bd1 Bh3 21. Nc5
Qxe3+ 0-1

[Event "La Pobla de Lillet op A"]
[Site "La Pobla de Lillet ESP"]
[Date "2014.08.08"]
[Round "7.4"]
[White "Sanpera Bonet, JC."]
[Black "Capellades Subirana, M."]
[Result "1/2-1/2"]
[WhiteElo "2089"]
[BlackElo "2188"]
[PlyCount "20"]
[EventDate "2014.08.02"]
[EventType "swiss"]
[EventRounds "9"]
[EventCountry "ESP"]
[SourceTitle "Ajedrez en Madrid"]
[Source "lmi"]
[SourceDate "2020.06.24"]
[SourceVersion "1"]
[SourceVersionDate "2020.06.24"]
[SourceQuality "1"]

1. e4 e5 2. Nf3 Nc6 3. Nc3 Bc5 4. Nxe5 Nxe5 5. d4 Bd6 6. dxe5 Bxe5 7. Bc4 Bxc3+
8. bxc3 Qf6 9. O-O Ne7 10. e5 Qc6 1/2-1/2

[Event "La Pobla de Lillet op A"]
[Site "La Pobla de Lillet ESP"]
[Date "2014.08.08"]
[Round "7.5"]
[White "Cervello Tost, F."]
[Black "Prats Rodriguez, JB."]
[Result "0-1"]
[WhiteElo "2141"]
[BlackElo "2050"]
[PlyCount "56"]
[EventDate "2014.08.02"]
[EventType "swiss"]
[EventRounds "9"]
[EventCountry "ESP"]
[SourceTitle "Ajedrez en Madrid"]
[Source "lmi"]
[SourceDate "2020.06.24"]
[SourceVersion "1"]
[SourceVersionDate "2020.06.24"]
[SourceQuality "1"]

1. d4 d6 2. Nf3 Bg4 3. g3 Bxf3 4. exf3 e6 5. Bg2 d5 6. O-O Nf6 7. c4 dxc4 8.
Qa4+ c6 9. Qxc4 Nbd7 10. Nc3 Nb6 11. Qb3 Qxd4 12. Be3 Qd8 13. Rfd1 Nfd5 14.
Nxd5 cxd5 15. Rac1 Be7 16. f4 O-O 17. f5 exf5 18. a4 Rc8 19. Rxc8 Qxc8 20. Bxb6
axb6 21. Bxd5 Bc5 22. Qc4 g6 23. Bxf7+ Rxf7 24. Kf1 Qc6 25. b4 Bf8 26. Qb3 Qh1+
27. Ke2 Qe4+ 28. Kf1 Qxb4 0-1

[Event "La Pobla de Lillet op A"]
[Site "La Pobla de Lillet ESP"]
[Date "2014.08.08"]
[Round "7.6"]
[White "Macaya Ruiz, A."]
[Black "Mestre Bellido, H."]
[Result "0-1"]
[WhiteElo "2117"]
[BlackElo "2299"]
[PlyCount "76"]
[EventDate "2014.08.02"]
[EventType "swiss"]
[EventRounds "9"]
[EventCountry "ESP"]
[SourceTitle "Ajedrez en Madrid"]
[Source "lmi"]
[SourceDate "2020.06.24"]
[SourceVersion "1"]
[SourceVersionDate "2020.06.24"]
[SourceQuality "1"]

1. d4 b6 2. c4 Bb7 3. Nc3 e6 4. a3 Nf6 5. Qc2 c5 6. d5 exd5 7. cxd5 Nxd5 8.
Qe4+ Qe7 9. Qf3 Qe5 10. g3 Bc6 11. Qe4 Qxe4 12. Nxe4 Nc7 13. f3 d5 14. Bf4 dxe4
15. Bxc7 Na6 16. Be5 O-O-O 17. Bh3+ Kb7 18. Bg2 f6 19. Bf4 Bd6 20. Bxd6 Rxd6
21. fxe4 Re8 22. Rd1 Rxd1+ 23. Kxd1 c4 24. Nh3 Bxe4 25. Bxe4+ Rxe4 26. Rf1 Nc5
27. Rf4 Kc6 28. Kd2 Nb3+ 29. Kd1 Kd5 30. Rxe4 Kxe4 31. Kc2 Nd4+ 32. Kc3 Nxe2+
33. Kxc4 Kf3 34. Kb5 Kg2 35. Ka6 Kxh3 36. Kxa7 b5 37. Kb6 f5 38. Kxb5 Nxg3 0-1

[Event "La Pobla de Lillet op A"]
[Site "La Pobla de Lillet ESP"]
[Date "2014.08.08"]
[Round "7.7"]
[White "Herreros Fernandez, M."]
[Black "Garcia Castellote, D."]
[Result "0-1"]
[WhiteElo "2242"]
[BlackElo "2002"]
[PlyCount "86"]
[EventDate "2014.08.02"]
[EventType "swiss"]
[EventRounds "9"]
[EventCountry "ESP"]
[SourceTitle "Ajedrez en Madrid"]
[Source "lmi"]
[SourceDate "2020.06.24"]
[SourceVersion "1"]
[SourceVersionDate "2020.06.24"]
[SourceQuality "1"]

1. Nf3 g6 2. c4 Bg7 3. g3 d6 4. Bg2 e5 5. d4 Nd7 6. Nc3 Ngf6 7. O-O O-O 8. h3
Re8 9. Qc2 c6 10. e3 Nb6 11. b3 Bf5 12. Qd1 e4 13. Nd2 d5 14. c5 Nbd7 15. b4 h5
16. a4 Nf8 17. b5 Qd7 18. Kh2 N8h7 19. f4 exf3 20. Nxf3 Ne4 21. Ne2 Nhg5 22.
Nxg5 Nxg5 23. Nf4 Be4 24. Qe2 Bxg2 25. Qxg2 Rab8 26. Ra3 Qe7 27. h4 Ne4 28. Rb3
Bh6 29. Nd3 g5 30. hxg5 Bxg5 31. bxc6 bxc6 32. Rxb8 Rxb8 33. Ne5 f6 34. Nxc6
Qc7 35. Nxb8 Qxb8 36. Rf5 h4 37. Rxd5 hxg3+ 38. Kg1 Qb1 39. Qf1 Qc2 40. Qh3
Qxc1+ 41. Kg2 Qd2+ 42. Kf3 Qxe3+ 43. Kg4 Nf2+ 0-1

[Event "La Pobla de Lillet op A"]
[Site "La Pobla de Lillet ESP"]
[Date "2014.08.08"]
[Round "7.8"]
[White "Guasch Murtra, JM."]
[Black "Gabarro Sole, R."]
[Result "0-1"]
[WhiteElo "1992"]
[BlackElo "2071"]
[PlyCount "64"]
[EventDate "2014.08.02"]
[EventType "swiss"]
[EventRounds "9"]
[EventCountry "ESP"]
[SourceTitle "Ajedrez en Madrid"]
[Source "lmi"]
[SourceDate "2020.06.24"]
[SourceVersion "1"]
[SourceVersionDate "2020.06.24"]
[SourceQuality "1"]

1. e4 g6 2. d4 Bg7 3. c3 d6 4. Nf3 Nf6 5. Bd3 O-O 6. h3 e5 7. Be3 d5 8. Nxe5
Nxe4 9. Nd2 f5 10. Qb3 Nc5 11. dxc5 Bxe5 12. Bg5 Bf6 13. Bxf6 Rxf6 14. O-O-O
Na6 15. Bxa6 bxa6 16. Nf3 c6 17. Rhe1 Bd7 18. Ne5 Be8 19. Qb7 a5 20. Nc4 Rf7
21. Qa6 Qg5+ 22. Ne3 f4 23. Ng4 f3+ 24. Kb1 fxg2 25. Qe2 Bd7 26. Ne5 Re7 27. f4
Bf5+ 28. Ka1 Qxf4 29. Nxg6 Rxe2 30. Nxf4 Rf2 31. Re2 Rxf4 32. Rxg2+ Bg6 0-1

[Event "La Pobla de Lillet op A"]
[Site "La Pobla de Lillet ESP"]
[Date "2014.08.08"]
[Round "7.9"]
[White "Povill Claros, X."]
[Black "Breuker, DM."]
[Result "0-1"]
[WhiteElo "1971"]
[BlackElo "2061"]
[PlyCount "92"]
[EventDate "2014.08.02"]
[EventType "swiss"]
[EventRounds "9"]
[EventCountry "ESP"]
[SourceTitle "Ajedrez en Madrid"]
[Source "lmi"]
[SourceDate "2020.06.24"]
[SourceVersion "1"]
[SourceVersionDate "2020.06.24"]
[SourceQuality "1"]

1. e4 e5 2. Nf3 Nc6 3. Bb5 a6 4. Ba4 Nf6 5. O-O b5 6. Bb3 Bb7 7. d3 Bd6 8. a4
O-O 9. Nc3 b4 10. Ne2 h6 11. c3 Re8 12. Ng3 Bf8 13. Nf5 d5 14. Qe2 Na5 15. Bc2
b3 16. Bb1 Qd7 17. Bd2 dxe4 18. dxe4 Qe6 19. Bc1 c5 20. h3 c4 21. Nh2 Rad8 22.
Ng4 Kh7 23. Kh2 Rd7 24. Rg1 Nxg4+ 25. hxg4 g6 26. Ne3 Be7 27. Rh1 Bg5 28. g3
Red8 29. Rf1 Be7 30. Rh1 Kg7 31. Ng2 Rh8 32. f4 Qb6 33. Ne3 exf4 34. gxf4 Qe6
35. Qf3 h5 36. g5 Qd6 37. Nd5 Bxg5 38. Be3 Bxd5 39. exd5 Re8 40. Be4 f5 41.
Bd4+ Kf7 42. Be5 Rxe5 43. fxe5 Qxe5+ 44. Kh3 Qxe4 45. Qxe4 fxe4 46. Rae1 e3 0-1

[Event "La Pobla de Lillet op A"]
[Site "La Pobla de Lillet ESP"]
[Date "2014.08.08"]
[Round "7.10"]
[White "Asensio Liñan, T."]
[Black "Moya Arau, C."]
[Result "0-1"]
[WhiteElo "2147"]
[BlackElo "2034"]
[PlyCount "52"]
[EventDate "2014.08.02"]
[EventType "swiss"]
[EventRounds "9"]
[EventCountry "ESP"]
[SourceTitle "Ajedrez en Madrid"]
[Source "lmi"]
[SourceDate "2020.06.24"]
[SourceVersion "1"]
[SourceVersionDate "2020.06.24"]
[SourceQuality "1"]

1. d4 Nf6 2. Bg5 e6 3. e4 Be7 4. Bxf6 Bxf6 5. e5 Be7 6. Qg4 g6 7. h4 h5 8. Qg3
c5 9. dxc5 Qa5+ 10. Nd2 Qxc5 11. c3 d6 12. Ngf3 dxe5 13. O-O-O Nd7 14. Nb3 Qc7
15. Bd3 a5 16. Nbd4 a4 17. Nxe6 Qc6 18. Bb5 Qxe6 19. Nxe5 O-O 20. Nxd7 Bxd7 21.
Rxd7 Qxa2 22. Bc4 Qxc4 23. Rxe7 a3 24. Kc2 axb2 25. Rhe1 Ra1 26. Qd6 Qa4+ 0-1

[Event "La Pobla de Lillet op A"]
[Site "La Pobla de Lillet ESP"]
[Date "2014.08.09"]
[Round "8.1"]
[White "Renteria Becerra, J."]
[Black "Mellado Triviño, J."]
[Result "1/2-1/2"]
[WhiteElo "2306"]
[BlackElo "2443"]
[PlyCount "21"]
[EventDate "2014.08.02"]
[EventType "swiss"]
[EventRounds "9"]
[EventCountry "ESP"]
[SourceTitle "Ajedrez en Madrid"]
[Source "lmi"]
[SourceDate "2020.06.24"]
[SourceVersion "1"]
[SourceVersionDate "2020.06.24"]
[SourceQuality "1"]

1. e4 e5 2. Nf3 Nf6 3. Nxe5 d6 4. Nf3 Nxe4 5. Qe2 Qe7 6. d3 Nf6 7. Bg5 Nbd7 8.
Nc3 Qxe2+ 9. Bxe2 h6 10. Bh4 g5 11. Bg3 1/2-1/2

[Event "La Pobla de Lillet op A"]
[Site "La Pobla de Lillet ESP"]
[Date "2014.08.09"]
[Round "8.2"]
[White "Mestre Bellido, H."]
[Black "Movsziszian, K."]
[Result "0-1"]
[WhiteElo "2299"]
[BlackElo "2509"]
[PlyCount "98"]
[EventDate "2014.08.02"]
[EventType "swiss"]
[EventRounds "9"]
[EventCountry "ESP"]
[SourceTitle "Ajedrez en Madrid"]
[Source "lmi"]
[SourceDate "2020.06.24"]
[SourceVersion "1"]
[SourceVersionDate "2020.06.24"]
[SourceQuality "1"]

1. e4 g6 2. d4 Bg7 3. Nc3 d6 4. Be3 c6 5. a4 Nd7 6. Qd2 e5 7. Nf3 Ngf6 8. dxe5
dxe5 9. h3 O-O 10. Qd6 Re8 11. Bc4 Bf8 12. Qd2 Bb4 13. Qd3 Qe7 14. Ng5 Rf8 15.
O-O h6 16. Nf3 Kh7 17. Na2 Bc5 18. Bc1 a5 19. Qd2 Ng8 20. b3 Ndf6 21. Re1 Nh5
22. Bf1 f6 23. Nh2 Nf4 24. Qd1 h5 25. Bxf4 exf4 26. Qf3 Qc7 27. Bd3 Kg7 28.
Rad1 Bd6 29. Bc4 Nh6 30. Qd3 Bc5 31. Qc3 Qb6 32. Re2 g5 33. e5 Bf5 34. Nf3 g4
35. exf6+ Rxf6 36. hxg4 hxg4 37. Nd4 Rd8 38. Red2 Kg6 39. Nxf5 Bxf2+ 40. Kf1
Nxf5 41. Bd3 Rxd3 42. Qxd3 Be3 43. Re2 Qc7 44. Rxe3 fxe3 45. Kg1 Rd6 46. Qe2
Rxd1+ 47. Qxd1 Qf4 48. Nc3 Qd4 49. Qe1 e2+ 0-1

[Event "La Pobla de Lillet op A"]
[Site "La Pobla de Lillet ESP"]
[Date "2014.08.09"]
[Round "8.3"]
[White "Gomez Jurado, LA."]
[Black "Prats Rodriguez, JB."]
[Result "1-0"]
[WhiteElo "2302"]
[BlackElo "2050"]
[PlyCount "65"]
[EventDate "2014.08.02"]
[EventType "swiss"]
[EventRounds "9"]
[EventCountry "ESP"]
[SourceTitle "Ajedrez en Madrid"]
[Source "lmi"]
[SourceDate "2020.06.24"]
[SourceVersion "1"]
[SourceVersionDate "2020.06.24"]
[SourceQuality "1"]

1. c4 d6 2. g3 g6 3. Nc3 Bg7 4. Bg2 c5 5. e4 Nc6 6. Nge2 Nf6 7. O-O O-O 8. d3
Bd7 9. h3 Rb8 10. Be3 a6 11. a4 Ne8 12. Rb1 Nd4 13. b4 Nxe2+ 14. Nxe2 Qc8 15.
bxc5 dxc5 16. Nf4 e6 17. a5 Bc3 18. Bd2 Bd4 19. Ne2 Bg7 20. Qb3 Qc7 21. Qb6 Qd6
22. Qxd6 Nxd6 23. Be3 Rfc8 24. Rb6 Bf8 25. Bf4 Rc6 26. Rfb1 Be7 27. e5 Rxb6 28.
Rxb6 Nf5 29. Rxb7 Rd8 30. Ra7 Kf8 31. Rxa6 Ba4 32. Ra8 Bc2 33. a6 1-0